000
00339nam a22001457a 4500
008
230516b ||||| |||| 00| 0 eng d
020
_a
9780073381503
041
_a
eng
080
_2
13 EDITION
_a
330.72
082
_a
330.72
100
_a
22
101
_a
MANAG
245
_a
MANAGEMENT SKILLS & APPLICATION
_c
RUE .W.L
942
_2
udc
_c
BK
999
_c
59728
_d
59728